00325nam a2200109Ia 4500008004100000082000800041100001900049245002900068942000600097952009700103999001500200240331s9999 xx 000 0 und d bSEN aSeneviratne, M 0aSome facets of Sri Lanka cL 001040708LaWERCLbWERCLcSSCd2024-03-31l0o 910.94 SENp643r2024-03-31w2024-03-31yL c3453d3453